00576nam a2200241Ia 450000500170000000800460001702000140006303700070007704000080008404000080009204000080010004100080010804100080011608400120012408400080013610000220014424500920016624500220025826000110028026000250029126000090031630000090032520260401122136.0008 250103s9999 xx 000 0 eng d a631214143 aTB aEDL beng cEDL 2eng aeng a190 PIP qEDL aPippin, Robert B. 0aModernism as a Philosophical Problem: On the Dissatisfactions of European High Culture 0cPippin, Robert B. aMalden bBlackwell Publishers c1999 a234p